Engineering Mathematics - II (Record no. 306877)

MARC details
000 -LEADER
fixed length control field 00451nam a2200169Ia 4500
008 - FIXED-LENGTH DATA ELEMENTS--GENERAL INFORMATION
fixed length control field 230718s9999 xx 000 0 und d
041 ## - LANGUAGE CODE
Language code of text/sound track or separate title eng
082 ## - DEWEY DECIMAL CLASSIFICATION NUMBER
Classification number 510
Item number BAN
100 ## - MAIN ENTRY--PERSONAL NAME
Personal name Bandewar S.R.
245 ## - TITLE STATEMENT
Title Engineering Mathematics - II
260 ## - PUBLICATION, DISTRIBUTION, ETC. (IMPRINT)
Date of publication, distribution, etc. 2004
Name of publisher, distributor, etc. Shantanu Prakashan
300 ## - PHYSICAL DESCRIPTION
Extent 529
365 ## - TRADE PRICE
Currency code Rs.
Price amount 275.00
500 ## - GENERAL NOTE
Keywords 205 GEN
700 ## - ADDED ENTRY--PERSONAL NAME
Personal name Moolchandani A.,Parulekar P. & Panajkar R.
906 ## - LOCAL DATA ELEMENT F, LDF (RLIN)
d B:1970501-Mar-2004
c MATHS
b 41.25
Holdings
Withdrawn status Lost status Source of classification or shelving scheme Reference No Damaged status Not for loan Home library Current library Date acquired Vendor Budget Code Cost, normal purchase price Bill number Full call number Barcode Date last seen Discount Cost, replacement price Bill Date Koha item type Original Barcode
    Dewey Decimal Classification Ref 205 G (18084)   Reference Cummins College of Engineering for Women Pune Cummins College of Engineering for Women Pune 03/03/2004 Pradeep Book Distributors MATHS 233.75 19705 510 CCEP-BK-18084 18/07/2023 41.25 275.00 01/03/2004 Books 018084